000 00698nam a2200277Ia 4500
005 20260121124812.0
008 008 260114s9999 xx 000 0 eng d
020 _a9780520320864
037 _aEBOOK
040 _aCRL
040 _beng
040 _cCRL
041 _2eng
041 _aeng
084 _qCRL
100 _aHuttenback, Robert A.
_9982236
245 0 _aBritish Relations with Sind 1799 - 1843: An Anatomy of Imperialism
260 _bWalter de Gruyter
260 _bWalter de Gruyter
260 _c2023
650 _aHistory
_9982237
856 _uhttp://www.degruyter.com/isbn/9780520320864
942 _cEBOOK
999 _c1557228
_d1557228